000 00563nam a22001577a 4500
003 OSt
005 20150915133433.0
008 150915b xxu||||| |||| 00| 0 eng d
040 _cRUA
082 _aAGR KLA 1999 BOO25 Or.1
100 _9513
_aKAL, SOPHOS
245 _aRubber exploitation at chamcar andong rubber plantation,( ការធ្វើអាជីវកម្មដំណាំកៅស៊ូនៅចំការកៅស់ូចំការអណ្តូង).
260 _aphnom phen
_bRUA
_c1999
300 _a43P.
_bILL.
_c29CM.
942 _2ddc
_cAGR
999 _c493
_d493